000 01269nam a22003254a 4500
001 ebr10041460
003 CaPaEBR
006 m u
007 cr cn|||||||||
008 000223s2000 ne a sb 001 0 eng
010 _z 00026335
020 _z0080434169 (hc)
040 _aCaPaEBR
_cCaPaEBR
035 _a(OCoLC)56117472
050 1 4 _aR857.M3
_bS77 2000eb
082 0 4 _a610/.28
_221
245 0 0 _aStructural biological materials
_h[electronic resource] :
_bdesign and structure-property relationships /
_cedited by Manuel Elices.
250 _a1st ed.
260 _aAmsterdam ;
_aNew York :
_bPergamon,
_c2000.
300 _axv, 361 p. :
_bill.
490 1 _aPergamon materials series ;
_vv. 4
504 _aIncludes bibliographical references and index.
533 _aElectronic reproduction.
_bPalo Alto, Calif. :
_cebrary,
_d2013.
_nAvailable via World Wide Web.
_nAccess may be limited to ebrary affiliated libraries.
650 0 _aBiomedical materials.
655 7 _aElectronic books.
_2local
700 1 _aElices, Manuel.
710 2 _aebrary, Inc.
830 0 _aPergamon materials series ;
_vv. 4.
856 4 0 _uhttp://site.ebrary.com/lib/rucke/Doc?id=10041460
_zAn electronic book accessible through the World Wide Web; click to view
999 _c59481
_d59481